F1 Strecken 2025 - Statistiken

Allgemein
  • Dieses Quiz wurde 425 mal gespielt
  • Das Durchschnittsergebnis liegt bei 10 aus 24
Antwortstatistiken
Bildquiz Antwort % Korrekt
Baku
76%
Imola
69%
Las Vegas
68%
Singapur
64%
Monza
62%
Austin
57%
Spielberg
56%
Miami
55%
Barcelona
53%
Suzuka
53%
Silverstone
52%
Melbourne
43%
Jeddah
41%
Zandvoort
40%
Budapest
38%
Spa Francorchamps
37%
Shanghai
34%
Monte Carlo
30%
Montreal
27%
Yas Marina
21%
Losail
5%
Hermanos Rodriguez
3%
Jose Carlos Pace
2%
Manama-Sakhir
1%
Keine übereinstimmenden Quizze gefunden
Verteilung der Resultate
Anzahl Personen mit jedem Resultat
Perzentil nach korrekt beantworteten Fragen
Ihre Resultats-Entwicklung
Sie haben dieses Quiz noch nicht gespielt